Export Competitiveness of Central and Eastern Europe Since the Enlargement of the EU
Dekompozícia zmien exportných podielov krajín strednej a východnej Európy (CEE) v období od 5. rozšírenia EÚ a meranie zmien exportnej konkurencieschopnosti pomocou analýzy konštantného trhového podielu (CMS).
Saved in:
| Main Author: | |
|---|---|
| Other Authors: | |
| Format: | Book Chapter |
| Language: | English |
| Subjects: | |
| Tags: |
No Tags, Be the first to tag this record!
|
MARC
| LEADER | 00000naa a2200000 4500 | ||
|---|---|---|---|
| 001 | 0248030 | ||
| 005 | 20250224095804.3 | ||
| 041 | 0 | |a eng | |
| 044 | |a NL | ||
| 245 | 1 | 0 | |a Export Competitiveness of Central and Eastern Europe Since the Enlargement of the EU |c John Gilbert, Eva Muchová |
| 520 | |a Dekompozícia zmien exportných podielov krajín strednej a východnej Európy (CEE) v období od 5. rozšírenia EÚ a meranie zmien exportnej konkurencieschopnosti pomocou analýzy konštantného trhového podielu (CMS). | ||
| 610 | 2 | 0 | |a obchod medzinárodný |
| 610 | 2 | 0 | |a vývoz |
| 610 | 2 | 0 | |a konkurencieschopnosť |
| 610 | 2 | 0 | |a rast hospodársky |
| 610 | 2 | 0 | |a analýza empirická |
| 610 | 2 | 0 | |a krajiny tranzitívne |
| 610 | 2 | 0 | |a stredná Európa |
| 610 | 2 | 0 | |a východná Európa |
| 610 | 2 | 0 | |a Európska únia |
| 100 | 1 | |a Gilbert, John | |
| 700 | 1 | |a Muchová, Eva, 1961- | |